[Event "Olympiad-44"]
[Site "Chennai"]
[Date "2022.08.08"]
[Round "10.3"]
[White "Abdelhakiem, Abdellatief Nogda"]
[Black "Hsu, Hsuan Ming"]
[Result "1/2-1/2"]
[WhiteElo "1960"]
[BlackElo "1900"]
[PlyCount "184"]
[EventDate "2022.07.29"]
[EventType "team-swiss"]
[EventRounds "11"]
[EventCountry "IND"]
[SourceTitle "CBM 210"]
[Source "ChessBase"]
[SourceDate "2022.10.31"]
[SourceVersion "1"]
[SourceVersionDate "2022.10.31"]
[SourceQuality "1"]
[WhiteTeam "Sudan"]
[BlackTeam "Chinese Taipei"]
[WhiteTeamCountry "SUD"]
[BlackTeamCountry "TPE"]

1. e4 e5 2. Nf3 Nc6 3. Bb5 a6 4. Ba4 Nf6 5. 0-0 Be7 6. Re1 b5 7. Bb3 0-0 8. c3 d5 9. d4 Nxe4 10. dxe5 Be6 11. Be3 Na5 12. Nbd2 Nxb3 13. axb3 Nxd2 14. Qxd2 c5 15. h3 a5 16. Qc2 b4 17. Rad1 Qc8 18. Kh2 Rb8 19. Ra1 Bf5 20. Qd1 Qd8 21. Bf4 Be6 22. Qc2 Qb6 23. Nd2 bxc3 24. bxc3 d4 25. c4 Rfd8 26. Qd3 Qb4 27. Rec1 Ra8 28. Ra4 Qb6 29. Qg3 Bd7 30. Raa1 a4 31. bxa4 Bxa4 32. Rab1 Qg6 33. Qxg6 hxg6 34. Rb7 Kf8 35. Rcb1 Bc6 36. Rc7 Rdc8 37. Rxc8+ Rxc8 38. Rb6 g5 39. Bg3 Ke8 40. Kg1 Kd7 41. Ra6 Ra8 42. Rxa8 Bxa8 43. Kf1 Bc6 44. f3 Ba4 45. Ke2 Bc2 46. Nf1 Bd8 47. Kd2 Bg6 48. Kd1 Bd3 49. Nd2 Ba5 50. Ne4 Bxe4 51. fxe4 Ke6 52. Kc2 Bc7 53. Kd3 Bxe5 54. Be1 g4 55. hxg4 Bc7 56. Ke2 Bd6 57. Kf3 Kf6 58. Bd2 Ke6 59. Be1 Kd7 60. Ke2 Bf4 61. Kd3 Kc6 62. Ba5 Kd7 63. Bb6 Bd6 64. Ba5 Ke6 65. Be1 Bf4 66. Ba5 Kf6 67. Bd8+ Ke6 68. Bb6 Bd6 69. Ba5 Kf6 70. Bd2 Bg3 71. Ke2 Kg6 72. Kf3 Bc7 73. Ke2 Kf6 74. Kf3 g6 75. Be1 Ke6 76. Ke2 f5 77. gxf5+ gxf5 78. exf5+ Kxf5 79. Kf3 Bf4 80. Ba5 Bc1 81. g4+ Kg6 82. Bb6 Ba3 83. Bd8 Bb4 84. Ke4 Ba3 85. Be7 Bb4 86. Kd3 Kf7 87. Bg5 Kg6 88. Bc1 Kf6 89. Ke4 Kg6 90. Kd3 Kf6 91. Ke4 Kg6 92. g5 Kf7 1/2-1/2

[Event "Asian Cities-chT"]
[Site "Dhaka"]
[Date "2019.07.17"]
[Round "9.5"]
[White "Zia, Tahsin Tajwar"]
[Black "Hsu, Hsuan Ming"]
[Result "1-0"]
[WhiteElo "2063"]
[BlackElo "1939"]
[PlyCount "125"]
[EventDate "2019.07.10"]
[EventType "team-swiss"]
[EventRounds "9"]
[EventCountry "BAN"]
[SourceTitle "EXT 2020"]
[Source "ChessBase"]
[SourceDate "2019.10.17"]
[SourceVersion "1"]
[SourceVersionDate "2019.10.17"]
[SourceQuality "1"]
[WhiteTeam "Chattagram City"]
[BlackTeam "Chinese Taipei"]
[WhiteTeamCountry "BAN"]
[BlackTeamCountry "TPE"]

1. Nf3 Nf6 2. g3 g6 3. Bg2 Bg7 4. 0-0 0-0 5. d3 d5 6. c3 Nbd7 7. a4 e5 8. Nbd2 c6 9. a5 Re8 10. Qc2 e4 11. dxe4 Nxe4 12. Nxe4 Rxe4 13. Be3 Re8 14. h3 Ne5 15. Nxe5 Bxe5 16. Bd4 Bf5 17. Qd2 Bxd4 18. cxd4 a6 19. Ra3 Qc7 20. g4 Be6 21. Qg5 Kg7 22. b4 Qe7 23. Qd2 Rad8 24. Re3 Qd6 25. f4 f5 26. gxf5 Bxf5 27. Re5 Re7 28. Qc3 Rde8 29. Re1 Qf6 30. Qg3 Bc8 31. Rf1 Bf5 32. Kh2 Kh8 33. Bf3 Qd6 34. Qe1 Qd7 35. Qh4 Qd6 36. Rg1 Re6 37. Qe1 Qd7 38. Rg3 Qd8 39. Rg1 Qd7 40. Qg3 Qf7 41. h4 Rf8 42. Qg5 Qf6 43. Qh6 Qg7 44. Qg5 Qf6 45. e3 Qxg5 46. hxg5 Rf7 47. Kg3 Kg7 48. Re1 Kf8 49. Bg4 Bxg4 50. Kxg4 Rxe5 51. dxe5 Ke7 52. Kf3 Ke6 53. Ke2 Kf5 54. Kd3 Re7 55. Kd4 Rd7 56. Rc1 Rf7 57. Rd1 Rd7 58. Kc5 Ke6 59. e4 Rc7 60. Rd4 Rd7 61. Rd3 Rc7 62. Kd4 Rd7 63. Ke3 1-0

[Event "Asian Cities-chT"]
[Site "Dhaka"]
[Date "2019.07.13"]
[Round "4.4"]
[White "Ahmed, Sk Nasir"]
[Black "Hsu, Hsuan Ming"]
[Result "1-0"]
[WhiteElo "2172"]
[BlackElo "1939"]
[PlyCount "51"]
[EventDate "2019.07.10"]
[EventType "team-swiss"]
[EventRounds "9"]
[EventCountry "BAN"]
[SourceTitle "EXT 2020"]
[Source "ChessBase"]
[SourceDate "2019.10.17"]
[SourceVersion "1"]
[SourceVersionDate "2019.10.17"]
[SourceQuality "1"]
[WhiteTeam "Dhaka"]
[BlackTeam "Chinese Taipei"]
[WhiteTeamCountry "BAN"]
[BlackTeamCountry "TPE"]

1. c4 Nf6 2. b3 g6 3. Bb2 Bg7 4. Nf3 0-0 5. g3 d6 6. Bg2 e5 7. 0-0 Nbd7 8. Nc3 c6 9. Qc2 a6 10. d4 Re8 11. Rad1 exd4 12. Rxd4 Nc5 13. e4 Qe7 14. Re1 Ng4 15. Rd2 Ne5 16. Nxe5 Bxe5 17. f4 Bg7 18. Qd1 b5 19. b4 Nb7 20. e5 Bd7 21. Ne4 d5 22. cxd5 cxd5 23. Nc3 Qxb4 24. Nxd5 Qc5+ 25. Bd4 Qf8 26. Nb6 1-0

[Event "Wch U14"]
[Site "Khanty-Mansiysk"]
[Date "2016.10.03"]
[Round "11"]
[White "Izumi, Haruki"]
[Black "Hsu, Hsuan Ming"]
[Result "1-0"]
[WhiteElo "1549"]
[BlackElo "1727"]
[PlyCount "83"]
[EventDate "2016.09.22"]
[EventType "swiss"]
[EventRounds "11"]
[EventCountry "RUS"]
[SourceTitle "EXT 2017"]
[Source "ChessBase"]
[SourceDate "2016.10.25"]
[SourceVersion "1"]
[SourceVersionDate "2016.10.25"]
[SourceQuality "1"]

1. e4 e5 2. Nf3 Nc6 3. Bb5 a6 4. Ba4 Nf6 5. d4 exd4 6. 0-0 Be7 7. Re1 b5 8. Bb3 d6 9. Bd5 Nxd5 10. exd5 Ne5 11. Nxd4 Bb7 12. Nf5 g5 13. Ng7+ Kf8 14. Nh5 h6 15. f4 Ng6 16. Qd4 Rh7 17. Nc3 Qd7 18. fxg5 hxg5 19. Nf6 Bxf6 20. Qxf6 b4 21. Rf1 Ne5 22. Ne4 Bxd5 23. Nxg5 Rg7 24. g3 Rg6 25. Nh7+ Kg8 26. Qxg6+ fxg6 27. Nf6+ Kg7 28. Nxd7 Nxd7 29. Bd2 Rb8 30. Bf4 Be4 31. Rae1 d5 32. Bxc7 Rc8 33. Bd6 Rxc2 34. Rf2 Rxf2 35. Kxf2 a5 36. Ke3 Nb6 37. Kd4 Na4 38. Be5+ Kf7 39. Rf1+ Ke7 40. Ke3 Bf5 41. Rxf5 gxf5 42. Bd4 1-0

[Event "Wch U14"]
[Site "Khanty-Mansiysk"]
[Date "2016.09.25"]
[Round "4"]
[White "Oboladze, Luka"]
[Black "Hsu, Hsuan Ming"]
[Result "1-0"]
[WhiteElo "2083"]
[BlackElo "1727"]
[PlyCount "65"]
[EventDate "2016.09.22"]
[EventType "swiss"]
[EventRounds "11"]
[EventCountry "RUS"]
[SourceTitle "EXT 2017"]
[Source "ChessBase"]
[SourceDate "2016.10.25"]
[SourceVersion "1"]
[SourceVersionDate "2016.10.25"]
[SourceQuality "1"]

1. e4 e5 2. Nc3 Nf6 3. g3 Nc6 4. Bg2 Be7 5. Nge2 d6 6. 0-0 0-0 7. d3 Re8 8. f4 Bg4 9. h3 Bxe2 10. Nxe2 Bf8 11. f5 d5 12. Nc3 dxe4 13. Nxe4 Nxe4 14. Bxe4 Qd7 15. Be3 a6 16. c3 Rab8 17. Qf3 f6 18. g4 Be7 19. h4 Nd8 20. g5 b6 21. Kh2 c6 22. Rg1 Rb7 23. Qh5 b5 24. Rg2 b4 25. c4 a5 26. Rag1 a4 27. gxf6 Bxf6 28. Rxg7+ Bxg7 29. f6 Ne6 30. Qxh7+ Kf8 31. fxg7+ Nxg7 32. Qh8+ Ke7 33. Rxg7+ 1-0

[Event "Wch U14"]
[Site "Khanty-Mansiysk"]
[Date "2016.09.23"]
[Round "2"]
[White "Hsu, Hsuan Ming"]
[Black "Piyumantha, M Sasith Nipun"]
[Result "0-1"]
[WhiteElo "1727"]
[BlackElo "2017"]
[PlyCount "102"]
[EventDate "2016.09.22"]
[EventType "swiss"]
[EventRounds "11"]
[EventCountry "RUS"]
[SourceTitle "EXT 2017"]
[Source "ChessBase"]
[SourceDate "2016.10.25"]
[SourceVersion "1"]
[SourceVersionDate "2016.10.25"]
[SourceQuality "1"]

1. e4 c5 2. c3 g6 3. d4 cxd4 4. cxd4 d5 5. exd5 Nf6 6. Bb5+ Nbd7 7. Nc3 a6 8. Bd3 Nb6 9. Nf3 Bg7 10. 0-0 0-0 11. Re1 Nbxd5 12. Qb3 b5 13. Bd2 Bb7 14. Ne5 Qb6 15. Be3 Nxe3 16. fxe3 Rfd8 17. a4 Nd5 18. Nf3 e5 19. axb5 Nxc3 20. bxc3 e4 21. Bc4 exf3 22. bxa6 Qf6 23. Ra2 Bxa6 24. Bxa6 f2+ 25. Rxf2 Qxa6 26. e4 Rac8 27. e5 Qc4 28. Qxc4 Rxc4 29. Rf3 Bh6 30. Rd1 Rdc8 31. Rdd3 Bc1 32. Kf2 Bb2 33. Ke3 Rxc3 34. Ke4 Rxd3 35. Rxd3 Rc2 36. Kf3 Rc3 37. Rxc3 Bxc3 38. Ke4 Kf8 39. g4 Ke7 40. Kd5 f6 41. h3 Be1 42. Ke4 Bg3 43. exf6+ Kxf6 44. Kf3 Be1 45. Kf4 Bd2+ 46. Kg3 Bc3 47. Kf4 Bxd4 48. g5+ Ke6 49. h4 Bf2 50. Kg4 Bxh4 51. Kxh4 Kf5 0-1

[Event "Wch U12"]
[Site "Durban"]
[Date "2014.09.27"]
[Round "9"]
[White "Niemann, Hans Moke"]
[Black "Hsu, Hsuan Ming"]
[Result "1-0"]
[WhiteElo "2000"]
[BlackElo "1566"]
[PlyCount "95"]
[EventDate "2014.09.20"]
[EventType "swiss"]
[EventRounds "11"]
[EventCountry "RSA"]
[SourceTitle "CBM 162 Extra"]
[Source "ChessBase"]
[SourceDate "2014.10.17"]
[SourceVersion "1"]
[SourceVersionDate "2014.10.17"]
[SourceQuality "1"]

1. e4 e5 2. Nf3 Nc6 3. Bc4 Nf6 4. d3 Be7 5. 0-0 0-0 6. Re1 d6 7. c3 Na5 8. Bb5 a6 9. Ba4 b5 10. Bc2 c5 11. Nbd2 Nc6 12. Nf1 Re8 13. Ng3 Bf8 14. h3 g6 15. Be3 Bb7 16. Qd2 Bg7 17. Bh6 Qb6 18. Bxg7 Kxg7 19. Qg5 Qd8 20. Nf5+ Kh8 21. Nh6 Qe7 22. Bb3 Nd8 23. Qe3 Ng8 24. Nxg8 Kxg8 25. Qh6 Qf8 26. Qh4 Kg7 27. Qg3 f5 28. Nh4 f4 29. Qg5 Bc8 30. a4 Ne6 31. Bxe6 Bxe6 32. axb5 axb5 33. d4 Qf6 34. Qxf6+ Kxf6 35. d5 Bd7 36. Nf3 Reb8 37. Rec1 Rc8 38. b3 g5 39. Nd2 Ke7 40. Kh2 Kf6 41. g3 Be8 42. f3 fxg3+ 43. Kxg3 h5 44. h4 Bd7 45. Nf1 Kg6 46. Ne3 Rf8 47. Ng2 gxh4+ 48. Kxh4 1-0

[Event "Asian Schools-ch U13 op 10th"]
[Site "Taichung"]
[Date "2014.08.25"]
[Round "3.3"]
[White "Nanayakkara, JAG Ganganath"]
[Black "Hsu, Hsuan Ming"]
[Result "0-1"]
[WhiteElo "1563"]
[BlackElo "1533"]
[PlyCount "114"]
[EventDate "2014.08.24"]
[EventType "swiss"]
[EventRounds "9"]
[EventCountry "TPE"]
[SourceTitle "EXT 2024"]
[Source "ChessBase"]
[SourceDate "2023.10.10"]
[SourceVersion "1"]
[SourceVersionDate "2023.10.10"]
[SourceQuality "1"]

1. d4 Nf6 2. Nf3 g6 3. g3 Bg7 4. Bg2 0-0 5. 0-0 d6 6. c4 Nbd7 7. Nc3 c5 8. d5 Nb6 9. Qd3 Ne8 10. e4 Bd7 11. Re1 e6 12. Bd2 exd5 13. exd5 Bf5 14. Qf1 Bxc3 15. Bxc3 Na4 16. Rac1 Nxc3 17. Rxc3 Nf6 18. Nh4 Bd7 19. f4 Qc7 20. h3 Rfe8 21. Rce3 Qa5 22. g4 Qxa2 23. Rxe8+ Rxe8 24. Rxe8+ Nxe8 25. Qe2 Kf8 26. f5 Qb1+ 27. Kh2 gxf5 28. g5 Ng7 29. Bf3 Qc1 30. Qg2 Qxc4 31. Qg3 f4 32. Qf2 Nf5 33. Nxf5 Bxf5 34. Qh4 Qc2+ 35. Kg1 Qc1+ 36. Kh2 Qxb2+ 37. Kg1 Qd4+ 38. Kg2 Bg6 39. Qg4 Qd2+ 40. Kg1 Qe1+ 41. Kg2 Qg3+ 42. Qxg3 fxg3 43. Kxg3 Kg7 44. Kf4 f6 45. gxf6+ Kxf6 46. h4 Bf7 47. Be4 h6 48. Bf3 a5 49. Ke4 a4 50. Bd1 b5 51. h5 a3 52. Bb3 Bxh5 53. Ba2 Bd1 54. Kd3 Ke5 55. Kd2 Ba4 56. Kd3 c4+ 57. Kc3 Kxd5 0-1

[Event "Asian Schools-ch U13 op 10th"]
[Site "Taichung"]
[Date "2014.08.24"]
[Round "2.1"]
[White "Hsu, Hsuan Ming"]
[Black "Garidmagnai, Byambasuren"]
[Result "1/2-1/2"]
[WhiteElo "1533"]
[BlackElo "1937"]
[PlyCount "131"]
[EventDate "2014.08.24"]
[EventType "swiss"]
[EventRounds "9"]
[EventCountry "TPE"]
[SourceTitle "EXT 2024"]
[Source "ChessBase"]
[SourceDate "2023.10.10"]
[SourceVersion "1"]
[SourceVersionDate "2023.10.10"]
[SourceQuality "1"]

1. e4 e6 2. d4 d5 3. Nc3 dxe4 4. Nxe4 Nf6 5. Bg5 Be7 6. Bxf6 Bxf6 7. Nf3 0-0 8. c3 b6 9. Bd3 Bb7 10. 0-0 Nd7 11. Qc2 h6 12. Rad1 Qe7 13. Rfe1 c5 14. Bb5 Bxe4 15. Qxe4 cxd4 16. Nxd4 Bxd4 17. Bxd7 Qxd7 18. Qxd4 Qc7 19. g3 Rad8 20. Qa4 a5 21. Re4 b5 22. Qc2 b4 23. Red4 Rxd4 24. Rxd4 bxc3 25. Qxc3 Qxc3 26. bxc3 Rc8 27. Ra4 Rc5 28. c4 Kf8 29. f4 Ke7 30. Kf2 g5 31. fxg5 hxg5 32. Kf3 f5 33. Ke3 g4 34. Kd3 e5 35. Ra3 Kf6 36. Rb3 Rc8 37. Rb5 Rh8 38. Rb2 Rh3 39. c5 Ke6 40. Kc4 f4 41. gxf4 exf4 42. Kd4 Rh8 43. Ke4 Rf8 44. Rc2 Kd7 45. Rf2 f3 46. Ke3 Kc6 47. Rc2 Rf5 48. Kf2 Rxc5 49. Rd2 Kb5 50. Kg3 Rc4 51. h3 gxh3 52. Kxf3 Rh4 53. Rh2 a4 54. Ke2 Rg4 55. Rxh3 Rg2+ 56. Kd3 Rxa2 57. Rh5+ Kb4 58. Rh4+ Kb3 59. Rh8 Rg2 60. Rb8+ Ka2 61. Kc3 a3 62. Rb7 Rg8 63. Rc7 Kb1 64. Rb7+ Kc1 65. Kb3 Rg3+ 66. Ka2 1/2-1/2

[Event "Wch U12"]
[Site "Al Ain"]
[Date "2013.12.24"]
[Round "8"]
[White "Aouachria, Rami"]
[Black "Hsu, Hsuan Ming"]
[Result "1-0"]
[WhiteElo "1720"]
[BlackElo "1454"]
[PlyCount "75"]
[EventDate "2013.12.18"]
[EventType "swiss"]
[EventRounds "11"]
[EventCountry "UAE"]
[SourceTitle "CBM 158 Extra"]
[Source "ChessBase"]
[SourceDate "2014.02.28"]
[SourceVersion "1"]
[SourceVersionDate "2014.02.28"]
[SourceQuality "1"]

1. c4 e5 2. g3 d6 3. Bg2 f5 4. Nc3 Nf6 5. d3 g6 6. b4 Bg7 7. Rb1 0-0 8. b5 Nbd7 9. a4 Rb8 10. e3 b6 11. Nge2 Bb7 12. 0-0 Bxg2 13. Kxg2 Qe7 14. d4 e4 15. Qb3 Kh8 16. Nf4 g5 17. Nfd5 Nxd5 18. Nxd5 Qd8 19. Nb4 Ra8 20. Nc6 Qf6 21. Ba3 g4 22. c5 bxc5 23. dxc5 Ne5 24. Nxe5 Qxe5 25. cxd6 cxd6 26. Rfd1 Rfd8 27. Qd5 Rab8 28. Bb2 Qxd5 29. Rxd5 Bxb2 30. Rxb2 Rf8 31. Rxd6 Rb6 32. Rd7 a6 33. a5 Rbb8 34. b6 Kg8 35. Rc2 Rf7 36. Rcc7 Rf6 37. b7 Rxb7 38. Rxb7 1-0

[Event "Wch U12"]
[Site "Al Ain"]
[Date "2013.12.21"]
[Round "4"]
[White "Oboladze, Luka"]
[Black "Hsu, Hsuan Ming"]
[Result "1-0"]
[WhiteElo "1728"]
[BlackElo "1454"]
[PlyCount "105"]
[EventDate "2013.12.18"]
[EventType "swiss"]
[EventRounds "11"]
[EventCountry "UAE"]
[SourceTitle "CBM 158 Extra"]
[Source "ChessBase"]
[SourceDate "2014.02.28"]
[SourceVersion "1"]
[SourceVersionDate "2014.02.28"]
[SourceQuality "1"]

1. e4 e5 2. Nf3 Nc6 3. Bc4 Nf6 4. d3 Be7 5. Bb3 d6 6. c3 0-0 7. Nbd2 Be6 8. Nf1 Nd7 9. Ng3 Nc5 10. Bxe6 fxe6 11. d4 exd4 12. cxd4 Nd7 13. 0-0 d5 14. Qe2 Nf6 15. e5 Ne8 16. Be3 Qd7 17. Ne1 Nd8 18. f4 c6 19. Qg4 g6 20. h4 Ng7 21. Nf3 Nf5 22. Bf2 Nxg3 23. Qxg3 Rf5 24. Ng5 Nf7 25. Be3 Rc8 26. Nf3 Nh6 27. Qh3 c5 28. g4 Rff8 29. h5 gxh5 30. Qxh5 Nf7 31. Rf2 Nh8 32. Rh2 Rf7 33. Kg2 cxd4 34. Nxd4 Bc5 35. Rah1 Bxd4 36. Bxd4 Rc2+ 37. Kg3 Rxh2 38. Rxh2 Qa4 39. Qg5+ Ng6 40. Be3 Qxa2 41. f5 exf5 42. gxf5 Rg7 43. f6 Rc7 44. e6 Qb3 45. f7+ Kg7 46. Qh6+ Kf6 47. f8Q+ Kxe6 48. Qa3 Qd1 49. Qh3+ Kf7 50. Rf2+ Kg7 51. Qh6+ Kg8 52. Qaf8+ Nxf8 53. Rxf8# 1-0

[Event "Wch U12"]
[Site "Al Ain"]
[Date "2013.12.18"]
[Round "1"]
[White "Hsu, Hsuan Ming"]
[Black "Fendereski, Nima"]
[Result "0-1"]
[WhiteElo "1454"]
[BlackElo "1956"]
[PlyCount "70"]
[EventDate "2013.12.18"]
[EventType "swiss"]
[EventRounds "11"]
[EventCountry "UAE"]
[SourceTitle "CBM 158 Extra"]
[Source "ChessBase"]
[SourceDate "2014.02.28"]
[SourceVersion "1"]
[SourceVersionDate "2014.02.28"]
[SourceQuality "1"]

1. e4 c5 2. c3 Nf6 3. e5 Nd5 4. d4 cxd4 5. Nf3 Nc6 6. Bc4 Nb6 7. Bb3 d6 8. exd6 e6 9. Nxd4 Bxd6 10. Nxc6 bxc6 11. 0-0 0-0 12. c4 Ba6 13. Qc2 c5 14. Be3 Qc7 15. f4 Rfd8 16. Nd2 Bb7 17. Ne4 Be7 18. Ng3 Bf6 19. Qf2 Bd4 20. Rac1 g6 21. Bd1 Bxe3 22. Qxe3 Rd4 23. b3 Rad8 24. Bc2 Rd2 25. Rf2 Rxf2 26. Qxf2 Rd4 27. Ne2 Rd2 28. Bb1 Qd6 29. Qf1 Nd7 30. Bc2 Nf6 31. Rd1 Ng4 32. Qe1 Qd4+ 33. Nxd4 Rxg2+ 34. Kh1 Rxh2+ 35. Kg1 Rh1# 0-1